UITU Library & LRC     

Doing Your Research Project: a guide for first-time researchers in education, health social science (Record no. 12770)

MARC details
000 -LEADER
fixed length control field 00607nam a2200217Ia 4500
003 - CONTROL NUMBER IDENTIFIER
control field OSt
005 - DATE AND TIME OF LATEST TRANSACTION
control field 20251208115904.0
008 - FIXED-LENGTH DATA ELEMENTS--GENERAL INFORMATION
fixed length control field 240925s9999 xx 000 0 und d
020 ## - INTERNATIONAL STANDARD BOOK NUMBER
International Standard Book Number 335215041
040 ## - CATALOGING SOURCE
Transcribing agency AACR2
082 ## - DEWEY DECIMAL CLASSIFICATION NUMBER
Classification number 001.42 BEL
100 ## - MAIN ENTRY--PERSONAL NAME
Personal name Bell, Judith
245 #0 - TITLE STATEMENT
Title Doing Your Research Project: a guide for first-time researchers in education, health social science
250 ## - EDITION STATEMENT
Edition statement 4th
260 ## - PUBLICATION, DISTRIBUTION, ETC.
Place of publication, distribution, etc. London:
Name of publisher, distributor, etc. McGraw-Hill
Date of publication, distribution, etc. ,2005.
300 ## - PHYSICAL DESCRIPTION
Extent xviii,1136p.
Other physical details NA
Type of unit Original
500 ## - GENERAL NOTE
General note Includes Index
600 ## - SUBJECT ADDED ENTRY--PERSONAL NAME
Personal name Humanities & Natural Science
650 ## - SUBJECT ADDED ENTRY--TOPICAL TERM
Topical term or geographic name entry element Generalia
942 ## - ADDED ENTRY ELEMENTS (KOHA)
Koha item type Books
Source of classification or shelving scheme Dewey Decimal Classification
Holdings
Withdrawn status Lost status Source of classification or shelving scheme Damaged status Not for loan Collection Home library Current library Date acquired Source of acquisition Cost, normal purchase price Total checkouts Full call number Barcode Date last seen Price effective from Koha item type
    Dewey Decimal Classification     Humanities & Basic Sciences UITU Library UITU Library 03/12/2015 Citizen Book Shop 1140.15   001.42 BEL Q10271 09/25/2024 09/25/2024 Books

Powered by Koha